ARRUPE JESUIT UNIVERSITY

CORONAVIRUS -STOP THE SPREAD - CLEAN,DISINFECT,COVER

A Rhodesian Botanical Dictionary of African and English Plant Names (Record no. 120734)

MARC details
000 -LEADER
fixed length control field 00589nam a22001697a 4500
008 - FIXED-LENGTH DATA ELEMENTS--GENERAL INFORMATION
fixed length control field 140612b xxu||||| |||| 00| 0 eng d
050 ## - LIBRARY OF CONGRESS CALL NUMBER
Classification number SPC QK13.W5
100 ## - MAIN ENTRY--PERSONAL NAME
Personal name Wild, Hiram
9 (RLIN) 10919
245 ## - TITLE STATEMENT
Title A Rhodesian Botanical Dictionary of African and English Plant Names
Statement of responsibility, etc Hiram, Wild
250 ## - EDITION STATEMENT
Edition statement 2nd.
260 ## - PUBLICATION, DISTRIBUTION, ETC. (IMPRINT)
Place of publication, distribution, etc Salisbury
Name of publisher, distributor, etc Department of Research and Specialist Services
Date of publication, distribution, etc 1972
300 ## - PHYSICAL DESCRIPTION
Extent xii, 281p. ;
Dimensions 22cm.
650 ## - SUBJECT ADDED ENTRY--TOPICAL TERM
Topical term or geographic name as entry element Plants
General subdivision Nomenclature
Geographic subdivision Zimbabwe
9 (RLIN) 10920
650 ## - SUBJECT ADDED ENTRY--TOPICAL TERM
Topical term or geographic name as entry element Plant names
General subdivision Popular
Geographic subdivision Zimbabwe
9 (RLIN) 10921
650 ## - SUBJECT ADDED ENTRY--TOPICAL TERM
Topical term or geographic name as entry element Botany
General subdivision Dictionary
-- Bantu
9 (RLIN) 10922
942 ## - ADDED ENTRY ELEMENTS (KOHA)
Source of classification or shelving scheme Library of Congress Classification
Item type SPC
Holdings
Withdrawn status Lost status Source of classification or shelving scheme Damaged status Not for loan Collection code Home library Current library Shelving location Date acquired Total Checkouts Full call number Barcode Date last seen Price effective from Koha item type
    Library of Congress Classification     SPECIAL Collection ARRUPE LIBRARY ARRUPE LIBRARY Main Collection 12/06/2014   SPC QK13.W5 46500000516 12/06/2014 12/06/2014 SPC

 

Arrupe Library. PO Box MP320 Mt Pleasant, Harare, Zimbabwe
263 242 745411|librarian@aju.ac.zw